Prime Ministers of Denmark (1918 - Present) - Statistics

General Stats
  • This quiz has been taken 7 times
  • The average score is 11 of 29
Answer Stats
Hint Party Answer % Correct
2001 - 2009 Venstre Anders Fogh Rasmussen
86%
2011 - 2015 Social Democrats Helle Thorning-Schmidt
86%
2009 - 2011 Venstre Lars Løkke Rasmussen
86%
2015 - 2019 Venstre Lars Løkke Rasmussen
86%
2019 - Present Social Democrats Mette Frederiksen
86%
1993 - 2001 Social Democrats Poul Nyrup Rasmussen
71%
1962 - 1968 Social Democrats Jens Otto Krag
57%
1971 - 1972 Social Democrats Jens Otto Krag
57%
1982 - 1993 Conservative Poul Schlüter
57%
1972 - 1973 Social Democrats Anker Jørgensen
43%
1975 - 1982 Social Democrats Anker Jørgensen
43%
1924 - 1926 Social Democrats Thorvald Stauning
43%
1929 - 1942 Social Democrats Thorvald Stauning
43%
1942 - 1943 Independent Erik Scavenius
29%
1968 - 1971 Social Liberals Hilmar Baunsgaard
29%
1973 - 1975 Venstre Poul Hartling
29%
1942 Social Democrats Vilhelm Buhl
29%
1945 Social Democrats Vilhelm Buhl
29%
1950 - 1953 Venstre Erik Eriksen
14%
1947 - 1950 Social Democrats Hans Hedtoft
14%
1953 -1955 Venstre Hans Hedtoft
14%
1955 - 1960 Social Democrats H. C. Hansen
14%
1920 - 1924 Venstre Niels Neergaard
14%
1926 - 1929 Venstre Thomas Madsen-Mygdal
14%
1960 - 1962 Social Democrats Viggo Kampmann
14%
1918 - 1920 Social Liberals Carl Theodor Zahle
0%
1945 - 1947 Venstre Knud Kristensen
0%
1920 Independent Michael Pedersen Friis
0%
1920 Independent Otto Liebe
0%
No matching quizzes found
Score Distribution
Percent of People with Each Score
Percentile by Number Answered
Your Score History
You have not taken this quiz